Giao thoa văn hóa
Tallennettuna:
| Päätekijä: | |
|---|---|
| Aineistotyyppi: | Kirja |
| Kieli: | French |
| Julkaistu: |
2008
|
| Aiheet: | |
| Tagit: |
Lisää tagi
Ei tageja, Lisää ensimmäinen tagi!
|
| Thư viện lưu trữ: | Mạng thư viện Đại học Đà Nẵng |
|---|
| LEADER | 00969cam a22003251a 4500 | ||
|---|---|---|---|
| 001 | 000036260 | ||
| 003 | 12555 | ||
| 005 | 20160329000000.0 | ||
| 008 | 160329s2008 000 fre | ||
| 041 | |a fre | ||
| 082 | |a 306 |b GI-A | ||
| 100 | |a Khoa Pháp | ||
| 245 | |a Giao thoa văn hóa |c Khoa Pháp | ||
| 260 | |c 2008 | ||
| 300 | |a 13tr . : mh ; 30cm | ||
| 650 | |a Giao thoa văn hóa | ||
| 852 | |b Chuyên đề |c Giáo trình | ||
| OWN | |a LNN | ||
| AVA | |a UDN50 |b LNN |d 306 GI-A |e available |t Error 5001 Not defined in file expand_doc_bib_avail. |f 1 |g 0 |h N |i 0 |k 1 | ||
| 999 | |a From the UDN01 | ||
| AVA | |a UDN50 |b LNN |d 306 GI-A |e available |t Error 5001 Not defined in file expand_doc_bib_avail. |f 1 |g 0 |h N |i 0 |k 1 | ||
| TYP | |a Monograph | ||
| TYP | |a Printed language | ||
| 980 | |a Mạng thư viện Đại học Đà Nẵng | ||